| 000 | 00715cam a2200193 i 4500 | ||
|---|---|---|---|
| 005 | 20260217091737.0 | ||
| 008 | 250721s2005 jo gr 000 0 ara d | ||
| 082 | 1 | 4 |
_a411.4 _bص ف ا |
| 100 | 1 |
_aالصفار، محمد _eمؤلف. |
|
| 245 | 1 | 0 |
_aقواعد الخط العربي : _bمزينة بالوحات الخطية / _cمحمد الصفار، هاشم الخطاط. |
| 250 | _aالطبعة الأولى. | ||
| 264 | 3 | 1 |
_aعمان : _bالأهلية للنشر والتوزيع، _c2005. |
| 300 | _a320صفحة. | ||
| 650 | 1 | 7 | _aاللغة العربية. |
| 650 | 1 | 7 | _aالخط العربي. |
| 700 | 1 |
_aالخطاط، هاشم _eمؤلف. |
|
| 942 |
_2ddc _cBK |
||
| 999 |
_c98979 _d98979 |
||